Score 0/23 Timer 10:00
0 Plays Today
Episode Answer % Correct
2x1The Fisher King: Part 2
100%
2x14The Big Game
98.4%
2x15Revelations
98.4%
2x18Jones
98.4%
2x2P911
96.8%
2x10Lessons Learned
96.8%
2x12Profiler, Profiled
96.8%
2x6The Boogeyman
95.2%
2x19Ashes and Dust
95.2%
2x7North Mammon
91.9%
2x22Legacy
91.9%
2x4Psychodrama
90.3%
Episode Answer % Correct
2x5Aftermath
90.3%
2x21Open Season
90.3%
2x3The Perfect Storm
88.7%
2x11Sex, Birth, Death
88.7%
2x16Fear and Loathing
88.7%
2x17Distress
88.7%
2x20Honor Among Thieves
88.7%
2x23No Way Out, Part 2: The Evilution of Frank
88.7%
2x8Empty Planet
87.1%
2x13No Way Outt
87.1%
2x9The Last Word
85.5%
Remove Ads.
Support Sporcle.
Get the best of Sporcle when you Go Orange. This ad-free experience offers more features, more stats, and more fun while also helping to support Sporcle. Thank you for becoming a member.

You're not logged in!

Compare scores with friends on all Sporcle quizzes.
OR
Log In

Sporcle TV

Today on Sporcle TV


Watch our educational content, quiz creation guides, and fun videos on Sporcle TV.

Show Comments

Extras

Top Quizzes Today


Score Distribution

Paid Content

Your Account Isn't Verified!

In order to create a playlist on Sporcle, you need to verify the email address you used during registration. Go to your Sporcle Settings to finish the process.

Report this User

Report this user for behavior that violates our Community Guidelines.

Details: